Travel agency and tour operation: Concepts and principles (Record no. 10705)

MARC details
000 -LEADER
fixed length control field 00447nam a2200169Ia 4500
008 - FIXED-LENGTH DATA ELEMENTS--GENERAL INFORMATION
fixed length control field 230917s9999||||xx |||||||||||||| ||und||
020 ## - ISBN
Price Rs. 695.00
040 ## - CATALOGING SOURCE
-- 5015285
Original cataloging agency VIVEKANANDA LIBRARY
041 ## - Language
-- English
082 ## - DDC NUMBER
Classification number 338.4791 N312T(2)
100 ## - MAIN ENTRY--PERSONAL NAME
Personal name Negi, Jagmohan
245 #0 - TITLE STATEMENT
Title Travel agency and tour operation: Concepts and principles
250 ## - EDITION STATEMENT
Edition statement 2nd ed.
260 ## - PUBLICATION, DISTRIBUTION, ETC. (IMPRINT)
Place of publication, distribution, etc New Delhi
Name of publisher, distributor, etc Kanishka Publishers
Date of publication, distribution, etc 2003
300 ## - PHYSICAL DESCRIPTION
Pages 498 p.
942 ## - ADDED ENTRY ELEMENTS (KOHA)
Koha item type Books
Holdings
Withdrawn status Lost status Damaged status Not for loan Location (home branch) Sublocation or collection (holding branch) Shelving location Date acquired Koha issues (times borrowed) Koha full call number Accession No. Koha date last seen Koha item type
        VIVEKANANDA LIBRARY VIVEKANANDA LIBRARY IHTM Library 26/03/2021   338.4791 N312T(2) 257139 17/09/2023 Books
        VIVEKANANDA LIBRARY VIVEKANANDA LIBRARY   26/03/2021   338.4791 N312T(2) 313284 17/09/2023 Books
        VIVEKANANDA LIBRARY VIVEKANANDA LIBRARY IHTM Library 26/03/2021   338.4791 N312T(2) 394140 17/09/2023 Books
        VIVEKANANDA LIBRARY VIVEKANANDA LIBRARY IHTM Library 26/03/2021   338.4791 N312T(2) 394141 17/09/2023 Books
        VIVEKANANDA LIBRARY VIVEKANANDA LIBRARY IHTM Library 26/03/2021   338.4791 N312T(2) 394142 17/09/2023 Books
© Designed and Maintained by Vivekananda Library, MDU Rohtak